Catalogue de la Bibliothèque de l'ENSA

La flore et la faune (notice nᵒ 16735)

détails MARC
000 -LEADER
fixed length control field 00389nam a2200169Ia 4500
008 - FIXED-LENGTH DATA ELEMENTS--GENERAL INFORMATION
fixed length control field 160105s9999 xx 000 0 und d
041 ## - LANGUAGE CODE
Language code of text/sound track or separate title fre
245 ## - TITLE STATEMENT
Title La flore et la faune
260 ## - PUBLICATION, DISTRIBUTION, ETC.
Place of publication, distribution, etc Paris
260 ## - PUBLICATION, DISTRIBUTION, ETC.
Name of publisher, distributor, etc Larousse
260 ## - PUBLICATION, DISTRIBUTION, ETC.
Date of publication, distribution, etc 2000
300 ## - PHYSICAL DESCRIPTION
Other physical details ill.
654 ## - SUBJECT ADDED ENTRY--FACETED TOPICAL TERM
General subdivision A CHAMPIGNON/POISSON (ANIMAL)/REPTILE/MAMMIFERE
942 ## - ADDED ENTRY ELEMENTS (KOHA)
Koha item type Ouvrage
994 ## -
-- 117324
Exemplaires
Withdrawn status Lost status Damaged status Use restrictions Not for loan Home library Current library Cost, normal purchase price Shelving control number Total Checkouts Total Renewals Total Holds Full call number Barcode Cost, replacement price Koha item type
          INRAA INRAA 0.00         RA_4830 RA_4830 0.00 Ouvrage

Adresse: Ecole Nationale Supérieure Agronomique Hassen Badi - El Harrach Alger, Algérie

Tél +213 (0) 23 82 85 07+213 (0) 23 82 85 12 Fax +213 23 82 85 03/04 Courriel: bibliotheque@edu.ensa.dz